000 00644nam a22002057a 4500
003 SEM
999 _c72219
_d72219
005 20220608074948.0
008 220207s1994 us ||||gr|||||00| 0 eng|d
040 _aSEM
_cSEM
041 _aeng
080 _a809.245-5/K-31
100 _aKelley Page H.; Burdan Terry L.; Crawford Timothy G.
245 _aA handbook to biblical hebrew.
_bAn introductory grammar /
_cP. Kelley ; L. T. Burdan ; G. T. Crawford
260 _aGrand Rapids :
_bWilliam B. Eerdmans publishing Company,
_c1994.
300 _aXII+223 p. ;
_c25 cm
504 _aSubject index p.: 222-223
650 _aHebrew
653 _aՍԷՄ
942 _2udc
_cBK